000 00560nam a2200229Ia 4500
003 OSt
005 20220924132936.0
006 a|||||r|||| 00| 0
007 ta
008 220923b |||||||| |||| 00| 0 ben d
024 _a253907
037 _cTextual
040 _aARTS
_cARTS
_bben
041 _2ben
_aben
082 _aO157,6M20w, J9
100 _aBagole
_9205315
245 0 _aBidyasagar parichaya
260 _c1959
650 _aBENGALI LITERATURE
942 _hO157,6M20w, J9
_cTEXL
_2CC
999 _c432071
_d432071